The Rise of Skywalker Characters by Screen Time - Statistics

General Stats
  • This quiz has been taken 132 times
  • The average score is 14 of 25
Answer Stats
Screen Time Answer % Correct
26:00 Finn
100%
26:15 Poe
100%
54:45 Rey
100%
21:00 Kylo ren
98%
5:15 Palpatine
92%
2:45 Luke Skywalker
90%
9:30 Chewbacca
81%
2:15 R2-D2
81%
9:15 C-3PO
80%
6:15 BB-8
73%
1:45 Han Solo
72%
2:45 Lando
72%
4:15 Leia Organa
70%
2:30 General Hux
54%
3:00 Rose Tico
48%
1:15 Babu Frik
41%
5:30 Jannah
40%
4:45 Zorii Bliss
39%
1:00 Maz Kanata
33%
3:15 General Pryde
25%
2:00 D-0
15%
0:45 Lt. Connix
13%
1:45 Snap Wexley
13%
1:45 Beaumont
10%
0:15 Nien Nunb
9%
No matching quizzes found
Score Distribution
Percent of People with Each Score
Percentile by Number Answered
Your Score History
You have not taken this quiz